Traditional Christianity/ (Record no. 7685)
[ view plain ]
| 000 -LEADER | |
|---|---|
| fixed length control field | 00417nam a22001577a 4500 |
| 003 - CONTROL NUMBER IDENTIFIER | |
| control field | OSt |
| 005 - DATE AND TIME OF LATEST TRANSACTION | |
| control field | 20190215155512.0 |
| 008 - FIXED-LENGTH DATA ELEMENTS--GENERAL INFORMATION | |
| fixed length control field | 190215b ||||| |||| 00| 0 eng d |
| 040 ## - CATALOGING SOURCE | |
| Transcribing agency | DLC |
| 082 ## - DEWEY DECIMAL CLASSIFICATION NUMBER | |
| Classification number | 289 |
| Item number | F828t |
| 100 ## - MAIN ENTRY--PERSONAL NAME | |
| Personal name | Frank, Ewald: |
| 245 ## - TITLE STATEMENT | |
| Title | Traditional Christianity/ |
| Remainder of title | Truth or Deception? |
| 260 ## - PUBLICATION, DISTRIBUTION, ETC. | |
| Place of publication, distribution, etc. | Krefeld, Germany: |
| Name of publisher, distributor, etc. | Freie Volksmission Krefeld: |
| Date of publication, distribution, etc. | c.1993 |
| 300 ## - PHYSICAL DESCRIPTION | |
| Extent | 191 p.; |
| Dimensions | 21 cm |
| 942 ## - ADDED ENTRY ELEMENTS (KOHA) | |
| Source of classification or shelving scheme | Dewey Decimal Classification |
| Koha item type | Books |
| Withdrawn status | Lost status | Source of classification or shelving scheme | Damaged status | Not for loan | Collection code | Home library | Current library | Shelving location | Date acquired | Cost, normal purchase price | Total Checkouts | Full call number | Barcode | Date last seen | Price effective from | Koha item type |
|---|---|---|---|---|---|---|---|---|---|---|---|---|---|---|---|---|
| Dewey Decimal Classification | Non-fiction | Harvest Mission College | Harvest Mission College | General Stacks | 15.02.2019 | 250.00 | 289 F828t | 008800 | 15.02.2019 | 15.02.2019 | Books |
